000 00457nam a2200181Ia 4500
001 2056
005 20260306143814.0
008 260306t2005||||xx |||||||||||||| ||spa||
041 _aESP
082 _a611.8
_bO38
100 _aOjeda Sahagún, José Luis
_eAUT
245 0 _aNeuroanatomía humana:
_baspectos funcionales y clínicos
260 _c2005
300 _a308 páginas :
_c27 cm.
650 _aGEN
654 _aCPS
942 _cLIB
_dJUS
_fJUS
_2ddc
_n
999 _c2056
_d2056